| 000 -ლიდერი |
| ფიქსირებული სიგრძის საკონტროლო ველი |
02167nam a22002537a 4500 |
| 003 - საკონტროლო ნომრის იდენტიფიკატორი |
| საკონტროლო ველი |
Ge_BSU |
| 005 - ბოლო ოპერაციის თარიღი და დრო |
| საკონტროლო ველი |
20220705134355.0 |
| 008 - ფიქსირებული სიგრძის მონაცემთა ელემენტები - ზოგადი ინფორმაცია |
| ფიქსირებული სიგრძის საკონტროლო ველი |
220705s2009ge xxu||||| |||| 00| 0 geo d |
| 020 ## - წიგნის საერთაშორისო სტანდარტული ნომერი |
| International Standard Book Number |
9789941409462 |
| 041 ## - ენის კოდი |
| Language code of text/sound track or separate title |
geo |
| 080 ## - უნივერსალური ათობითი კლასიფიკაციის ინდექსი |
| Universal Decimal Classification number |
316.42(479.223)+338 გ-21 |
| 245 ## - ცნობა სათაურის შესახებ |
| Title |
გარდამავალი პერიოდის სოციალურ-ეკონომიკური პრობლემები და გადაწყვეტის გზები : |
| Remainder of title |
(ეკონომიკა, სოციოლოგია, ფსიქოლოგია) 2009 წლის მაისი მასალები : რესპ. სამეცნ. კონფერენცია / |
| Statement of responsibility, etc |
[რედ: ჟანი მიქაშავიძე, გურამ ჩაგანავა] |
| 264 ## - წარმოების, გამოცემის, დისტრიბუციის და სხვა ცნობები |
| გამოცემის, წარმოების, დისტრიბუციის... ადგილი |
ბათუმი : |
| გამოცემის, წარმოების, დისტრიბუციის... სახელწოდება |
შოთა რუსთაველის სახელმწ. უნ-ტის გამ-ბა და სტ, |
| გამოცემის, წარმოების, დისტრიბუციის... თარიღი |
2009. |
| 300 ## - ფიზიკური აღწერა |
| Extent |
166 გვ.: |
| Dimensions |
20 სმ. |
| 501 ## - შენიშვნა თანმხლებ მასალაზე |
| With note |
ზესათ.: საქ. განათლ. და მეცნ. სამინ., ნიკო ბერძენიშვილის ინ-ტი |
| 504 ## - BIBLIOGRAPHY, ETC. NOTE |
| Bibliography, etc |
ბიბლოიგრ. მასალების ბოლოს |
| 546 ## - LANGUAGE NOTE |
| Language note |
რეზ. ინგლ., რუს. |
| 653 ## - INDEX TERM--UNCONTROLLED |
| Uncontrolled term |
"გარდამავალი პერიოდის სოციალურ-ეკონომიკური პრობლემები და გადაწყვეტის გზები", საქართველოს რესპ. სამეცნ. კონფერენცია (2009 : ბათუმი) |
| 653 ## - INDEX TERM--UNCONTROLLED |
| Uncontrolled term |
(ეკონომიკა, სოციოლოგია, ფსიქოლოგია) |
| 653 ## - INDEX TERM--UNCONTROLLED |
| Uncontrolled term |
აჭარის ეკონომიკა. აჭარის სოციალ-ეკონომიკური განვითარება. |
| 700 ## - ADDED ENTRY--PERSONAL NAME |
| Personal name |
მიქაშავიძე, ჟანი |
| Relator term |
რედაქტორი |
| 9 (RLIN) |
2700 |
| 700 ## - ADDED ENTRY--PERSONAL NAME |
| Personal name |
ჩაგანავა, გურამ |
| Relator term |
რედაქტორი |
| 9 (RLIN) |
14294 |
| 942 ## - ADDED ENTRY ELEMENTS (KOHA) |
| Source of classification or shelving scheme |
|
| Koha item type |
წიგნი |